Statistics for Top Ten Best Colleges in The USA

Click here to take the quiz!

General Stats

  • This quiz has been taken 510 times
  • The average score is 5 of 10

Answer Stats

Answer% Correct
#2Harvard University
96%
#3Yale University
92%
#1Princeton University
78%
#5Stanford University
75%
#7Massachusetts Institute of Technology
70%
#6Columbia University
57%
#4University of Chicago
32%
#9University of Pennsylvania
19%
#10John Hopkins University
5%
#8Duke University
1%

Score Distribution

Percentile by Number Answered

Percent of People with Each Score

Your Score History

You have not taken this quiz